Comprehensive History: (Record no. 17961)

MARC details
000 -LEADER
fixed length control field 005330000a22001810004500
005 - DATE AND TIME OF LATEST TRANSACTION
control field 20181114132737.0
010 ## - LCCN (DPL NO)
LC control number ENG-84657, B-228734
020 ## - INTERNATIONAL STANDARD BOOK NUMBER
Terms of availability 80.00 (pbk)
035 ## - SYSTEM CONTROL NUMBER
System control number EN-68190, B-228734
082 ## - DEWEY DECIMAL CLASSIFICATION NUMBER
Classification number 954.02
100 ## - MAIN ENTRY--PERSONAL NAME
Personal name Ojha, Sunita
245 ## - TITLE STATEMENT
Title Comprehensive History:
Remainder of title medieval India /
Statement of responsibility, etc by Sunita Ojha; edited by N N Ojha
260 ## - PUBLICATION, DISTRIBUTION, ETC. (IMPRINT)
Place of publication, distribution, etc New Delhi
Name of publisher, distributor, etc Chronicle Books
Date of publication, distribution, etc 2007
300 ## - PHYSICAL DESCRIPTION
Extent pt 2(293p)
Dimensions 22cm
700 ## - ADDED ENTRY--PERSONAL NAME
Personal name Ojha, N N
942 ## - ADDED ENTRY ELEMENTS (KOHA)
Source of classification or shelving scheme Dewey Decimal Classification
Item type English Books
Classification part 954.02
Call number suffix COM
Holdings
Withdrawn status Lost status Not for loan Home library Current library Date acquired Cost, normal purchase price Full call number Barcode Copy number Cost, replacement price Koha item type Collection code
    Not For Loan D.B.Act.Division D.B.Act.Division 12/03/2007 80.00 954.02 COM EN-68190 1 80.00 English Books  
      R.C.Libraries (zls) R.C.Libraries (zls) 14/11/2018 85.00 954.02 COM B-228734 1 85.00 English Books Non-fiction

© Delhi Public Library
Hit Counter
free hit counter